000
00356nam a2200157Ia 4500
008
230524s9999 xx 000 0 und d
082
_a
539.7
_b
KAP
100
_a
Irving Kaplan
245
0
_a
Nuclear Physics
250
_a
9TH
260
_a
NEW DELHI
_b
Narosa
_c
2002
300
_a
770
500
_a
Quantity Number: 2
650
_a
Physics
942
_c
BK
999
_c
17864
_d
17864